000 00341 a2200157 4500
001 160804
020 _a
040 _cMagnum
100 _aBotelho, Mariza Andrade Maia
240 1 0 _aViva o verde verde!
_lpor
245 1 0 _aViva o verde verde!
300 _a78
362 0 _a1992
697 _aLITERATURA INFANTO-JUVENIL
942 _cBK
999 _c160804
_d160804